000 01330nam0a22003131 4500
001 rc\3464947
005 20130115124743.6
021 _aRU
_b[69-47509]
035 _a(NLR Aleph) 007897364
090 _a8016160
_c8016160
100 _a20130115d1969 |||y0rusy50 ca
101 0 _arus
102 _aRU
105 _aa z |||||
200 1 _aРационализация сбора живицы
_fМ-во лесной и деревообрабатывающей пром-сти СССР. Центр. науч.-исслед. ин-т информации и техн.-экон. исследований по лесной, целлюлозно-бум. и деревообрабатывающей пром-сти
210 _aМосква
_cБ. и.
_d1969
215 _a39 с.
_cил.
_d21
225 1 _a[Гидролиз и лесохимия]
300 _aПеред загл. авт.: Г.Б. Оловеников, Ю.П. Житков, В.К. Юрпалов
300 _aНа обл. авт. не указаны
606 _aПодсочка
_2psbo
700 1 _aОловеников
_bГ. Б.
_gГеоргий Борисович
701 1 _aЖитков
_bЮ. П.
701 1 _aЮрпалов
_bВ. К.
801 0 _aRU
_bNLR
_gpsbo
801 1 _aRU
_bELAR
_2rusmarc
852 _aNLR
_j69-6/5660
942 _cBOOK
980 _aNB